header

Catholicism, controversy, and the English literary imagination, 1558-1660 (Record no. 5648)

MARC details
000 -LEADER
fixed length control field 01748nam a2200385 a 4500
001 - CONTROL NUMBER
control field ebr5005949
003 - CONTROL NUMBER IDENTIFIER
control field CaPaEBR
006 - FIXED-LENGTH DATA ELEMENTS--ADDITIONAL MATERIAL CHARACTERISTICS--GENERAL INFORMATION
fixed length control field m u
007 - PHYSICAL DESCRIPTION FIXED FIELD--GENERAL INFORMATION
fixed length control field cr cn|||||||||
008 - FIXED-LENGTH DATA ELEMENTS--GENERAL INFORMATION
fixed length control field 980713s1999 enk sb 001 0 eng
010 ## - LIBRARY OF CONGRESS CONTROL NUMBER
Canceled/invalid LC control number 98035135
020 ## - INTERNATIONAL STANDARD BOOK NUMBER
Cancelled/invalid ISBN 0521580900 (hardback)
040 ## - CATALOGING SOURCE
Original cataloging agency CaPaEBR
Transcribing agency CaPaEBR
035 ## - SYSTEM CONTROL NUMBER
System control number (OCoLC)51620784
050 14 - LIBRARY OF CONGRESS CALL NUMBER
Classification number PR428.C3
Item number S54 1999eb
082 04 - DEWEY DECIMAL CLASSIFICATION NUMBER
Classification number 820.9/9222/09031
Edition number 21
100 1# - MAIN ENTRY--PERSONAL NAME
Personal name Shell, Alison.
245 10 - TITLE STATEMENT
Title Catholicism, controversy, and the English literary imagination, 1558-1660
Medium [electronic resource] /
Statement of responsibility, etc Alison Shell.
260 ## - PUBLICATION, DISTRIBUTION, ETC. (IMPRINT)
Place of publication, distribution, etc Cambridge, U.K. ;
-- New York :
Name of publisher, distributor, etc Cambridge University Press,
Date of publication, distribution, etc 1999.
300 ## - PHYSICAL DESCRIPTION
Extent xi, 309 p.
504 ## - BIBLIOGRAPHY, ETC. NOTE
Bibliography, etc Includes bibliographical references (p. 300-302) and index.
533 ## - REPRODUCTION NOTE
Type of reproduction Electronic reproduction.
Place of reproduction Palo Alto, Calif. :
Agency responsible for reproduction ebrary,
Date of reproduction 2013.
Note about reproduction Available via World Wide Web.
-- Access may be limited to ebrary affiliated libraries.
610 20 - SUBJECT ADDED ENTRY--CORPORATE NAME
Corporate name or jurisdiction name as entry element Catholic Church
General subdivision Controversial literature
-- History and criticism.
Corporate name or jurisdiction name as entry element Catholic Church
General subdivision In literature.
650 #0 - SUBJECT ADDED ENTRY--TOPICAL TERM
Topical term or geographic name as entry element English literature
Chronological subdivision Early modern, 1500-1700
General subdivision History and criticism.
Topical term or geographic name as entry element English literature
General subdivision Catholic authors
-- History and criticism.
Topical term or geographic name as entry element Christianity and literature
Geographic subdivision England
General subdivision History
Chronological subdivision 16th century.
Topical term or geographic name as entry element Christianity and literature
Geographic subdivision England
General subdivision History
Chronological subdivision 17th century.
Topical term or geographic name as entry element Christian literature, English
General subdivision History and criticism.
Topical term or geographic name as entry element Catholics
Geographic subdivision England
General subdivision Intellectual life.
Topical term or geographic name as entry element Anti-Catholicism in literature.
655 #7 - INDEX TERM--GENRE/FORM
Genre/form data or focus term Electronic books.
Source of term local
710 2# - ADDED ENTRY--CORPORATE NAME
Corporate name or jurisdiction name as entry element ebrary, Inc.
856 40 - ELECTRONIC LOCATION AND ACCESS
Uniform Resource Identifier <a href="http://site.ebrary.com/lib/rucke/Doc?id=5005949">http://site.ebrary.com/lib/rucke/Doc?id=5005949</a>
Public note An electronic book accessible through the World Wide Web; click to view

No items available.

© 2026 Rongo University
Contact us: librarian | system librarian | Rongo university